[Event "San Pedro de Macoris zt"]
[Site "San Pedro de Macoris"]
[Date "2021.11.09"]
[Round "2"]
[White "Camacho Campusano, David Daniel"]
[Black "Metz Souffront, Francisco Hipolito"]
[Result "1-0"]
[WhiteElo "2183"]
[BlackElo "2067"]
[PlyCount "63"]
[EventDate "2021.11.08"]
[EventType "swiss"]
[EventRounds "9"]
[EventCountry "DOM"]
[SourceTitle "EXT 2023"]
[Source "ChessBase"]
[SourceDate "2022.10.05"]
[SourceVersion "1"]
[SourceVersionDate "2022.10.05"]
[SourceQuality "1"]

1. e4 c5 2. Nf3 d6 3. c3 Nf6 4. Be2 Nc6 5. d4 cxd4 6. cxd4 g6 7. 0-0 Bg7 8. Nc3 0-0 9. Re1 d5 10. e5 Ne4 11. h3 Bf5 12. Bf1 Rc8 13. g4 Be6 14. Be3 Nxc3 15. bxc3 Na5 16. Rc1 h6 17. Nd2 Nc4 18. Nxc4 dxc4 19. Bg2 Bd5 20. Rb1 b6 21. Rb5 Bxg2 22. Kxg2 e6 23. Qf3 a6 24. Rb4 Qc7 25. Reb1 Rb8 26. a4 Rfd8 27. Qe4 Bf8 28. R4b2 Bg7 29. h4 Rd5 30. f4 b5 31. f5 gxf5 32. gxf5 1-0

[Event "DOM-ch"]
[Site "Santo Domingo"]
[Date "2019.05.11"]
[Round "10"]
[White "Mesa Cruz, Juan Carlos"]
[Black "Metz Souffront, Francisco Hipolito"]
[Result "1/2-1/2"]
[WhiteElo "1781"]
[BlackElo "2087"]
[PlyCount "94"]
[EventDate "2019.04.26"]
[EventType "swiss"]
[EventRounds "11"]
[EventCountry "DOM"]
[SourceTitle "CBM 190 Extra"]
[Source "ChessBase"]
[SourceDate "2019.07.15"]
[SourceVersion "1"]
[SourceVersionDate "2019.07.15"]
[SourceQuality "1"]

1. e4 c5 2. Nf3 Nc6 3. d4 cxd4 4. Nxd4 g6 5. c4 Nf6 6. Nc3 Nxd4 7. Qxd4 d6 8. Be3 Bg7 9. Rd1 0-0 10. Qd2 Qa5 11. Be2 Be6 12. 0-0 Rfc8 13. b3 a6 14. Bf3 Ng4 15. Nd5 Qxd2 16. Bxd2 Bxd5 17. Bxg4 Be6 18. Bxe6 fxe6 19. a4 b5 20. axb5 axb5 21. cxb5 Rcb8 22. Rb1 Rxb5 23. Rfc1 Ra2 24. Be3 Kf7 25. Kf1 d5 26. Rc5 Rxc5 27. Bxc5 dxe4 28. b4 Be5 29. b5 Bb8 30. b6 Ke8 31. Rb4 Kd7 32. Rxe4 Ra5 33. Be3 g5 34. h4 gxh4 35. Rxh4 h5 36. Ke2 Kc6 37. Rc4+ Kb7 38. Rc5 Kxb6 39. Re5+ Ka6 40. Rxe6+ Bd6 41. Bf4 Rd5 42. Bxd6 exd6 43. f4 Kb7 44. Ke3 Kc6 45. Ke4 Rd1 46. Kf5 Rd5+ 47. Kg6 Rd2 1/2-1/2

[Event "DOM-ch"]
[Site "Santo Domingo"]
[Date "2018.05.04"]
[Round "9"]
[White "Metz Souffront, Francisco Hipolito"]
[Black "Jaquez, Juan Manuel"]
[Result "0-1"]
[WhiteElo "2090"]
[BlackElo "2141"]
[PlyCount "112"]
[EventDate "2018.04.20"]
[EventType "swiss"]
[EventRounds "11"]
[EventCountry "DOM"]
[SourceTitle "CBM 184 Extra"]
[Source "ChessBase"]
[SourceDate "2018.06.28"]
[SourceVersion "1"]
[SourceVersionDate "2018.06.28"]
[SourceQuality "1"]

1. e4 e6 2. d4 d5 3. Nc3 Bb4 4. e5 Ne7 5. a3 Bxc3+ 6. bxc3 c5 7. Nf3 Nbc6 8. Bd3 Qa5 9. Qd2 c4 10. Be2 Qa4 11. Rb1 h6 12. 0-0 b6 13. Ne1 Bd7 14. Qf4 Qa5 15. Bb2 Nf5 16. g4 Nfe7 17. Ng2 b5 18. Qd2 Nc8 19. a4 b4 20. cxb4 Qxb4 21. c3 Qxa4 22. Ra1 Qb5 23. Ba3 Na5 24. Qf4 Nb3 25. Ra2 Qa5 26. Qe3 Qd8 27. f4 g6 28. Bd1 a5 29. Bc2 Na7 30. Bb1 Nb5 31. h4 Nxa3 32. Rxa3 Qb6 33. Ra2 0-0-0 34. Raf2 Rdg8 35. Kh2 h5 36. f5 gxf5 37. gxf5 Rg4 38. Qh3 Rhg8 39. fxe6 Bxe6 40. Qe3 Qd8 41. Rh1 Rxh4+ 42. Kg1 Rxh1+ 43. Kxh1 Qg5 44. Qxg5 Rxg5 45. Kh2 Kd7 46. Ne3 Kc6 47. Bc2 a4 48. Bd1 h4 49. Bf3 Rg3 50. Nf1 Rh3+ 51. Kg2 Nc1 52. Rc2 Nd3 53. Ra2 Ne1+ 54. Kf2 Nxf3 55. Rxa4 Ng5 56. Ra3 Ne4+ 0-1

[Event "DOM-ch"]
[Site "Santo Domingo"]
[Date "2017.05.07"]
[Round "11"]
[White "Reyes Capellan, Elby"]
[Black "Metz Souffront, Francisco Hipolito"]
[Result "1-0"]
[WhiteElo "2029"]
[BlackElo "2129"]
[PlyCount "67"]
[EventDate "2017.04.21"]
[EventType "swiss"]
[EventRounds "11"]
[EventCountry "DOM"]
[SourceTitle "EXT 2018"]
[Source "ChessBase"]
[SourceDate "2017.10.13"]
[SourceVersion "1"]
[SourceVersionDate "2017.10.13"]
[SourceQuality "1"]

1. d4 Nf6 2. Bf4 g6 3. c4 Bg7 4. Nc3 d5 5. Nf3 0-0 6. e3 c5 7. Be2 Nc6 8. 0-0 cxd4 9. exd4 dxc4 10. Bxc4 Na5 11. Be2 Nd5 12. Be5 Bh6 13. Re1 Nxc3 14. bxc3 Be6 15. Nd2 Rc8 16. Ne4 Bd5 17. Bd3 f5 18. Nc5 b6 19. Na6 Rxc3 20. Nb4 Bb7 21. d5 Rc8 22. Bb5 Rf7 23. Qd3 Bg7 24. Bxg7 Rxg7 25. Re6 Qc7 26. d6 Qc1+ 27. Re1 Qc5 28. d7 Rd8 29. a3 Qc7 30. Rac1 Qb8 31. Re6 Be4 32. Qc3 Bb7 33. Rce1 Kf8 34. Rxe7 1-0

[Event "DOM-ch"]
[Site "Santo Domingo"]
[Date "2017.05.05"]
[Round "9"]
[White "Lugo Matos, Richards Reynier"]
[Black "Metz Souffront, Francisco Hipolito"]
[Result "0-1"]
[WhiteElo "2103"]
[BlackElo "2129"]
[PlyCount "62"]
[EventDate "2017.04.21"]
[EventType "swiss"]
[EventRounds "11"]
[EventCountry "DOM"]
[SourceTitle "CBM 178 Extra"]
[Source "ChessBase"]
[SourceDate "2017.06.22"]
[SourceVersion "1"]
[SourceVersionDate "2017.06.22"]
[SourceQuality "1"]

1. e4 c5 2. Nf3 Nc6 3. c4 g6 4. d4 cxd4 5. Nxd4 Nf6 6. Nc3 Nxd4 7. Qxd4 d6 8. Be3 Bg7 9. f3 0-0 10. Qd2 Be6 11. Rc1 Qa5 12. Be2 Rfc8 13. b3 a6 14. Na4 Qxd2+ 15. Kxd2 Nd7 16. g4 f5 17. exf5 gxf5 18. g5 d5 19. c5 d4 20. Bf2 Rc6 21. f4 Bd5 22. Bc4 Bxc4 23. Rxc4 Rac8 24. Rhc1 e5 25. fxe5 Nxe5 26. Rb4 b5 27. Nb6 Re8 28. a4 Nf3+ 29. Kd1 Rce6 30. Nd5 d3 31. Rf4 Re1+ 0-1

[Event "DOM-ch"]
[Site "Santo Domingo"]
[Date "2017.04.23"]
[Round "4"]
[White "Metz Souffront, Francisco Hipolito"]
[Black "Pena Perez, Luis Eduardo"]
[Result "1/2-1/2"]
[WhiteElo "2129"]
[BlackElo "2034"]
[PlyCount "84"]
[EventDate "2017.04.21"]
[EventType "swiss"]
[EventRounds "11"]
[EventCountry "DOM"]
[SourceTitle "CBM 178 Extra"]
[Source "ChessBase"]
[SourceDate "2017.06.22"]
[SourceVersion "1"]
[SourceVersionDate "2017.06.22"]
[SourceQuality "1"]

1. e4 b6 2. d4 Bb7 3. Nd2 g6 4. Ngf3 Bg7 5. Bd3 e6 6. 0-0 d6 7. Re1 Ne7 8. Nf1 Nd7 9. Qe2 a6 10. h3 h6 11. c3 e5 12. Ng3 Nc6 13. Bc4 0-0 14. Bb3 Qe7 15. d5 Ncb8 16. Bc2 a5 17. b4 Nf6 18. Bd2 Nbd7 19. a3 Nh7 20. c4 axb4 21. Bxb4 h5 22. a4 h4 23. Nf1 Qd8 24. a5 bxa5 25. Bxa5 f5 26. N3d2 f4 27. f3 Ndf6 28. Nb3 Rb8 29. Qf2 Nh5 30. c5 Ng3 31. Nfd2 Ng5 32. Nc4 dxc5 33. d6 Rf7 34. dxc7 Rxc7 35. Bxc7 Qxc7 36. Qxc5 Qd8 37. Rad1 Nxh3+ 38. gxh3 Qg5 39. Kh2 Nf1+ 40. Rxf1 Qg3+ 41. Kh1 Qxh3+ 42. Kg1 Qg3+ 1/2-1/2

[Event "DOM-ch"]
[Site "Santo Domingo"]
[Date "2016.04.10"]
[Round "8"]
[White "Arvelo Leo, Gian Carlo"]
[Black "Metz Souffront, Francisco Hipolito"]
[Result "0-1"]
[WhiteElo "2173"]
[BlackElo "2121"]
[PlyCount "94"]
[EventDate "2016.04.01"]
[EventType "swiss"]
[EventRounds "11"]
[EventCountry "DOM"]
[SourceTitle "CBM 171 Extra"]
[Source "ChessBase"]
[SourceDate "2016.04.26"]
[SourceVersion "1"]
[SourceVersionDate "2016.04.26"]
[SourceQuality "1"]

1. Nf3 Nf6 2. g3 g6 3. Bg2 Bg7 4. 0-0 0-0 5. d4 d6 6. c4 Nc6 7. Nc3 a6 8. h3 Rb8 9. e4 Nd7 10. Be3 e5 11. d5 Ne7 12. Ne1 f5 13. Nd3 Nf6 14. f3 Nh5 15. g4 Ng3 16. Re1 f4 17. Bf2 h5 18. c5 Rf7 19. Qb3 b6 20. cxb6 cxb6 21. Rac1 Bd7 22. Qa3 Bc8 23. Nb4 a5 24. Nc6 Nxc6 25. dxc6 Be6 26. Nb5 Rc8 27. Qxd6 Qe8 28. c7 Bd7 29. Na7 Rf6 30. Qd5+ Be6 31. Qb7 hxg4 32. hxg4 Kh7 33. Nxc8 Bxc8 34. Qd5 g5 35. Qd8 Qe6 36. Bf1 Rf8 37. Bc4 Qh6 38. Kg2 Bxg4 39. Rh1 Nxh1 40. fxg4 f3+ 41. Kf1 Qh3+ 42. Ke1 Nxf2 43. Qxg5 Qh1+ 44. Bf1 Nd3+ 45. Kd2 Bh6 46. Kxd3 Bxg5 47. Rd1 Qg1 0-1

[Event "DOM-ch"]
[Site "Santo Domingo"]
[Date "2010.04.10"]
[Round "3"]
[White "Duran Moya, Joel Aneudy"]
[Black "Metz Souffront, Francisco Hipolito"]
[Result "1/2-1/2"]
[WhiteElo "1944"]
[BlackElo "2156"]
[PlyCount "117"]
[EventDate "2010.04.09"]
[EventType "swiss"]
[EventRounds "11"]
[EventCountry "DOM"]
[SourceTitle "EXT 2012"]
[Source "ChessBase"]
[SourceDate "2011.11.24"]
[SourceVersion "1"]
[SourceVersionDate "2011.11.24"]
[SourceQuality "1"]

1. e4 c5 2. Nf3 Nc6 3. d4 cxd4 4. Nxd4 g6 5. Nc3 Bg7 6. Be3 Nf6 7. Be2 0-0 8. 0-0 d5 9. exd5 Nb4 10. Bf3 Nfxd5 11. Nxd5 Nxd5 12. Bg5 h6 13. Bh4 Nb6 14. c3 g5 15. Bg3 e5 16. Nb5 Qxd1 17. Rfxd1 f5 18. h3 e4 19. Be2 f4 20. Bh2 Bd7 21. Rd6 Rf6 22. Rad1 Rxd6 23. Rxd6 Bf8 24. Rd4 Bc6 25. Nc7 Rc8 26. Nd5 Re8 27. Bg4 Kf7 28. Nxf4 gxf4 29. Bh5+ Ke7 30. Bxe8 Kxe8 31. Bxf4 Bc5 32. Rd2 h5 33. Re2 Kf7 34. b3 Ke6 35. a4 Kf5 36. Bd2 a6 37. c4 Bd4 38. Bh6 Nd7 39. a5 Ne5 40. Bg7 Kg6 41. Bf8 Nd3 42. Be7 Kf5 43. b4 Bc3 44. g4+ hxg4 45. hxg4+ Ke6 46. b5 axb5 47. cxb5 Bd5 48. Bd8 Ne5 49. g5 Nf3+ 50. Kg2 Be5 51. Bb6 Nxg5 52. Be3 Nf3 53. a6 bxa6 54. bxa6 Bd4 55. a7 Bxe3 56. fxe3 Ne5 57. Ra2 Ba8 58. Rb2 Nc4 59. Rb8 1/2-1/2